All Time Leader in Points in Every Season in Conference Finals - Statistics

General Stats
  • This quiz has been taken 7 times
  • The average score is 13 of 15
Answer Stats
Season Year Points Answer % Correct
13th 1988 Western Conference Finals 108 Kareem Abdul - Jabbar
100%
14th 1989 Western Conference Finals 31 Kareem Abdul - Jabbar
100%
7th 2009 Western Conference Finals 204 Kobe Bryant
100%
9th 2017 Eastern Conference Finals 148 LeBron James
100%
10th 2018 Eastern Conference Finals 235 LeBron James
100%
12th 2023 Western Conference Finals 111 LeBron James
100%
8th 1998 Eastern Conference Finals 222 Michael Jordan
100%
6th 2002 Western Conference Finals 212 Shaquille O'Neal
100%
Rookie 1960 Eastern Division Finals 183 Wilt Chamberlain
100%
2nd 1960 Western Division Finals 236 Elgin Baylor
80%
5th 1963 Western Division Finals 221 Elgin Baylor
80%
3rd 1965 Western Division Finals 278 Jerry West
80%
4th 1966 Western Division Finals 242 Jerry West
80%
11th 1968 Eastern Division Finals 165 Sam Jones
60%
1st 1979 Eastern Conference Finals 217 George Gervin
40%
No matching quizzes found
Score Distribution
Percent of People with Each Score
Percentile by Number Answered
Your Score History
You have not taken this quiz